| 000 | 01018cam a2200325 4500 | ||
|---|---|---|---|
| 001 | ABS61268 | ||
| 008 | 000000n1999 000 0 eng u | ||
| 035 | _a(Sirsi) u101889 | ||
| 100 | _aCavill, N. | ||
| 245 | _aInternational salary guide. | ||
| 260 | _c1999 | ||
| 490 |
_aBuilding _v264(8102) 3 September 1999, 38-42(5) |
||
| 520 | _aHays Montrose / Building salary guide, giving average salaries for quantity surveyors, project managers and engineers in Spain, Germany, the Netherlands, France, Poland, Hong Kong, China, Thailand & Egypt. Also discusses conditions in Hungary & India. | ||
| 650 | _aSALARIES | ||
| 650 | _aSALARY SURVEYS | ||
| 650 | _aSPAIN | ||
| 650 | _aGERMANY | ||
| 650 | _aNETHERLANDS | ||
| 650 | _aFRANCE | ||
| 650 | _aPOLAND | ||
| 650 | _aHUNGARY | ||
| 650 | _aHONG KONG | ||
| 650 | _aCHINA | ||
| 650 | _aTHAILAND | ||
| 650 | _aEGYPT | ||
| 650 | _aINDIA | ||
| 650 | _aHAYS MONTROSE | ||
| 690 | _aMANAGEMENT-BUSINESS MANAGEMENT-PROFESSIONAL PRACTICE | ||
| 942 | _n0 | ||
| 999 |
_c60990 _d60990 |
||